| Tag |
First Indicator |
Second Indicator |
Subfields |
| LEADER |
00000cam a2200000 i 4500 |
| 001 |
in00000336372 |
| 005 |
20151011055117.0 |
| 008 |
770207s1976 pau b 00010 eng |
| 010 |
|
|
|a 76007871
|
| 020 |
|
|
|a 0800604830 :
|c $8.50
|
| 035 |
|
|
|a (OCoLC)02748217
|
| 035 |
|
|
|9 ABM2199AM
|
| 040 |
|
|
|a DLC
|c DLC
|d TXA
|d UtOrBLW
|
| 049 |
|
|
|a TXAM
|c [1555353]
|
| 050 |
0 |
0 |
|a PN51
|b .S32
|
| 082 |
0 |
|
|a 801/.9
|
| 100 |
1 |
|
|a Scott, Nathan A.
|
| 245 |
1 |
4 |
|a The poetry of civic virtue :
|b Eliot, Malraux, Auden /
|c by Nathan A. Scott, Jr.
|
| 264 |
|
1 |
|a Philadelphia :
|b Fortress Press,
|c [1976]
|
| 264 |
|
4 |
|c ©1976
|
| 300 |
|
|
|a xi, 164 pages ;
|c 23 cm.
|
| 336 |
|
|
|a text
|b txt
|2 rdacontent
|
| 337 |
|
|
|a unmediated
|b n
|2 rdamedia
|
| 338 |
|
|
|a volume
|b nc
|2 rdacarrier
|
| 504 |
|
|
|a Bibliography: page 161.
|
| 650 |
|
0 |
|a Literature and society.
|
| 999 |
|
|
|a MARS
|
| 999 |
f |
f |
|s f4a191f6-fbe2-3c67-bff3-a6afa11dbb7d
|i 54a89bb2-2806-3244-a1c5-4097ad529e5d
|t 0
|
| 952 |
f |
f |
|p ric
|a Texas A&M University
|b Rellis Campus
|c Joint Library Facility
|s JLF
|d Remote Storage
|t 0
|e PN51 .S32
|h Library of Congress classification
|i unmediated -- volume
|m A14803657722
|
| 998 |
f |
f |
|a PN51 .S32
|t 0
|l Remote Storage
|